00680nam a2200217Ia 450000500170000000800410001702000220005804000190008004100120009908200180011110000170012924500610014625000120020726000320021930000270025150400500027863000410032865000400036965100430040985000100045220230621115653.0131103s9999 xx 000 0 und d a6862152c3.95 pds aLoreto College aEnglish a940.545b KEN aKennedy,Paul 4aThe rise and fall of British naval masterycPaul Kennedy a3rd ed. aLondonbFontana Pressc1991 axix,492 p.b ill.,maps aIncludes bibliographical references and index aEngland - Modern History,1603 - 1945 aEurope - Modern History,1603 - 1945 aEngland - Naval Operations,1603 - 1945 aLCLIB